| 000 | 01542nam0a2200361 i 4500 | ||
|---|---|---|---|
| 001 | RU\NLR\BIBL_A\010853090 | ||
| 005 | 20240921140252.0 | ||
| 010 |
_a9785438608615 _9100 |
||
| 021 |
_aRU _b2015-62603 _93724 |
||
| 035 | _a(NILC)RuMoRGB-007998263 | ||
| 035 | _a(NLR Aleph) 010853090 | ||
| 090 |
_a10382413 _c10382413 |
||
| 100 | _a20150930d2015 km y0rusy50 ca | ||
| 101 | 0 | _arus | |
| 102 | _aRU | ||
| 105 | _ay|||z||||01yy | ||
| 200 | 1 |
_aСохранение и трансформация этнокультурной идентичности в условиях эмиграции (на примере тюрко-татарской диаспоры США) _fЛ. Р. Cадыкова |
|
| 210 |
_aСанкт-Петербург _cСвоё изд-во _d2015 |
||
| 215 |
_a167 с. _cил. _d21 |
||
| 300 | _aНа 4-й с. обл. авт.: Л. Р. Садыкова, к. ист. н., преп. | ||
| 320 | _aБиблиогр. в подстроч. примеч. | ||
| 606 | 1 |
_aТатары _yСоединенные Штаты Америки _92261773 _3RU\NLR\AUTH\6601585866 |
|
| 606 | 1 |
_aЭмиграция и иммиграция _yРоссия _92252304 _3RU\NLR\AUTH\661350898 |
|
| 610 | 0 | _aтатарская диаспора | |
| 610 | 0 | _aтатары США | |
| 686 | _aТ3(7США9=)6,02 | ||
| 686 | 1 | _aТ3(2)0-274 | |
| 700 | 1 |
_aСадыкова _bЛ. Р. _gЛиана Рифовна |
|
| 801 | 0 |
_aRU _bРГБ _c20150817 _gRCR |
|
| 942 | _cBOOK | ||
| 980 | _aNBR | ||